| 000 | 00415nam a22001697a 4500 | ||
|---|---|---|---|
| 003 | NUST - PNEC | ||
| 005 | 20170116181154.0 | ||
| 008 | 160106b xxu||||| |||| 00| 0 eng d | ||
| 020 | _a9789332518186 | ||
| 040 | _cLIBRARY | ||
| 082 | _a330 CAS | ||
| 100 |
_915712 _aCase, Karl E |
||
| 245 |
_aPrinciples of economics _cKarl E Case, |
||
| 260 | _cc2014. | ||
| 650 |
_915713 _aEconomics _xMIS |
||
| 942 |
_2ddc _cBK |
||
| 999 |
_c71097 _d71097 |
||